000
00210nam a22000857a 4500
008
161213b xxu||||| |||| 00| 0 eng d
100
_9
2033
_a
Verm.S.etal
245
_a
Mathematics-6
260
_a
New Delhi
_b
Prachi
_c
2010
999
_c
4908
_d
4908